Tổng hợp nanocomposite dựa trên kim loại quý ứng dụng kháng khuẩn và phân tích hydrogen peroxide : Báo cáo tổng kết đề tài Khoa học cấp Trường
Sparad:
| Huvudupphovsman: | |
|---|---|
| Materialtyp: | Bok |
| Språk: | Undetermined |
| Publicerad: |
Đại học Công nghiệp TP. Hồ Chí Minh
2025
|
| Ämnen: | |
| Taggar: |
Lägg till en tagg
Inga taggar, Lägg till första taggen!
|
| Thư viện lưu trữ: | Trung tâm Thư viện - Trường Đại học Công nghiệp TP. Hồ Chí Minh |
|---|
| LEADER | 00721nam a2200157Ia 4500 | ||
|---|---|---|---|
| 001 | IUH_2025_00577 | ||
| 008 | 251224s9999 xx 000 0 und d | ||
| 082 | |a 541 | ||
| 100 | |a Phan, Thanh Long | ||
| 245 | 0 | |a Tổng hợp nanocomposite dựa trên kim loại quý ứng dụng kháng khuẩn và phân tích hydrogen peroxide : Báo cáo tổng kết đề tài Khoa học cấp Trường | |
| 245 | 0 | |c Phan, Thanh Long | |
| 260 | |b Đại học Công nghiệp TP. Hồ Chí Minh | ||
| 260 | |c 2025 | ||
| 650 | |a Công nghệ hóa học; | ||
| 927 | |a Đề tài khoa học | ||
| 980 | |a Trung tâm Thư viện - Trường Đại học Công nghiệp TP. Hồ Chí Minh | ||